International express teacher's resource book intermediate

Salvato in:
Dettagli Bibliografici
Autore principale: Harding, Keith
Altri autori: Taylor, Liz
Natura: Libro
Lingua:inglese
Pubblicazione: London Oxford University Press 2005
Serie:OXFORD business english
Soggetti:
Tags: Aggiungi Tag
Nessun Tag, puoi essere il primo ad aggiungerne!!

MARC

LEADER 00000nam a2200000 4500
001 0149627
005 20240226124610.4
020 |a 978-0-19-457485-3 
041 0 |a eng 
044 |a GB 
245 1 0 |a International express  |b teacher's resource book intermediate  |c Keith Harding, Liz Taylor 
264 1 |a London  |b Oxford University Press  |c 2005 
300 |a 176 s.  |e DVD 
490 1 |a OXFORD business english 
830 0 |a OXFORD business english 
610 2 0 |a jazykoveda 
610 2 0 |a jazyky cudzie 
610 2 0 |a obchod 
610 2 0 |a podnikanie 
100 1 |a Harding, Keith 
700 1 |a Taylor, Liz